| 000 | 00681nam a2200229 u 4500 | ||
|---|---|---|---|
| 005 | 20240228064335.0 | ||
| 008 | 190226s2008 r 000 0 eng d | ||
| 020 | _a9788424190118 | ||
| 035 | _aUPN01000229274 | ||
| 049 | _aI | ||
| 050 | 4 |
_aQC931.4 _bH3.8 |
|
| 100 | 1 |
_aHarrison, Ingrid _939035 |
|
| 245 | 1 | 0 |
_aVientos y huracanes / _cIngrid Harrison ; tr. Azucena Viloria. |
| 260 |
_aLeón, Esp. : _bEverest, _c2008. |
||
| 300 |
_a23 p. : _bil. col. |
||
| 440 | 0 | _aClaro | |
| 650 | 4 |
_aVIENTOS - _vLITERATURA INFANTIL _923575 |
|
| 650 | 4 |
_aHURACANES - _vLITERATURA INFANTIL _927541 |
|
| 650 | 4 |
_aLibros y lectura para niños _92290 |
|
| 901 | _aInfantil | ||
| 999 |
_c201369 _d201369 |
||